Stati per minore estensione - Europa - Statistics

Statistiche generali
  • Questo quiz è stato fatto 22 volte
  • Il punteggio medio è 9 su 10
Statistiche sulle risposte
Superficie (km²) Nazione % Corretto
468 Andorra
100%
0,44 Città del Vaticano
100%
160 Liechtenstein
100%
2 586 Lussemburgo
100%
61 San Marino
100%
2,02 Monaco
94%
315 Malta
88%
13 888 Montenegro
71%
25 713 Macedonia del Nord
59%
20 273 Slovenia
53%
Nessun quiz corrispondente trovato
Distribuzione punteggi
Percentuale di utenti per punteggio
Percentile per numero di risposta
I tuoi punteggi nel tempo
Non hai fatto questo quiz